000 00292nam a22001217a 4500
040 _cSK
082 _a577
100 _aDEP SINATH; ដិប ស៊ីណាត
245 _aBioclimatology; ជីវះអាកាសធាតុ
260 _aRUA
_bDEP
_c1994
300 _a43p.
942 _cKB
999 _c9513
_d9513